Tottenham Hotspur Champions League XIs - Statistics

General Stats
  • This quiz has been taken 1,135 times
    973 since last reset
  • The average score is 21 of 36
Answer Stats
Answer % Correct
Harry Kane
99%
Heung-min Son
98%
Hugo Lloris
98%
Jan Vertonghen
87%
Dele Alli
82%
Christian Eriksen
81%
Toby Alderweireld
81%
Eric Dier
78%
Gareth Bale
78%
Lucas Moura
75%
Kyle Walker
74%
Cristian Romero
73%
Danny Rose
71%
Ben Davies
68%
Luka Modrić
65%
Kieran Trippier
63%
Davinson Sánchez
62%
Pierre-Emile Højbjerg
62%
Moussa Sissoko
61%
Harry Winks
60%
Peter Crouch
57%
Rodrigo Bentancur
53%
Heurelho Gomes
49%
Emerson Royal
46%
Serge Aurier
45%
Aaron Lennon
44%
Tanguy Ndombele
44%
Victor Wanyama
44%
Benoît Assou-Ekotto
38%
Rafael van der Vaart
38%
Ivan Perišić
37%
William Gallas
28%
Vedran Ćorluka
26%
Clément Lenglet
25%
Tom Huddlestone
25%
Jermaine Jenas
24%
No matching quizzes found
Score Distribution
Percent of People with Each Score
Percentile by Number Answered
Your Score History
You have not taken this quiz since the last reset